000 nam a22 7a 4500
999 _c8027
_d8027
008 171121b xxu||||| |||| 00| 0 eng d
100 _aTogether with English
_94478
245 _aEnglish Communication
260 _aNew Delhi
_bRacha
_c2008